Design patterns java companion [electronic resource:Book] (Record no. 203952)

MARC details
000 -LEADER
fixed length control field 00368nam a2200133Ia 4500
008 - FIXED-LENGTH DATA ELEMENTS--GENERAL INFORMATION
fixed length control field 231221s9999 xx 000 0 und d
041 ## - LANGUAGE CODE
Language code of text/sound track or separate title English
082 ## - DEWEY DECIMAL CLASSIFICATION NUMBER
Classification number 001.6424JAV COO
100 ## - MAIN ENTRY--PERSONAL NAME
Personal name Cooper James W
245 #0 - TITLE STATEMENT
Title Design patterns java companion [electronic resource:Book]
260 ## - PUBLICATION, DISTRIBUTION, ETC.
Date of publication, distribution, etc. 1998
Name of publisher, distributor, etc. Addison-Wesley
650 ## - SUBJECT ADDED ENTRY--TOPICAL TERM
Topical term or geographic name entry element patterns,java,companion
942 ## - ADDED ENTRY ELEMENTS (KOHA)
Koha item type Digital Library
Holdings
Date last seen Total checkouts Full call number Accession number Uniform resource identifier Price effective from Category Lost status Damaged status Department Withdrawn status Home library Current library Shelving location Entry date Grants Billdate Currency symbol Conversion rate Discount Old discount
26/01/2024   001.6424JAV COO DL62 digital/articles/cs/dl62.PDF 26/01/2024 Digital Library     Central Library   Central Library Central Library Central Library   CS 29/12/2009 RS 1    

© For any Suggestions or Query, please contact the library staff @ librarian@pes.edu or Phone: +9180 2672 1983/ 2108.